|
|
|
|
| LEADER |
00956nam a22002417a 4500 |
| 001 |
35279 |
| 003 |
BD-DhAAL |
| 005 |
20190909131117.0 |
| 008 |
190909t2003 ii ||||| b||| 00| 0 eng d |
| 999 |
|
|
|c 41168
|d 41168
|
| 040 |
|
|
|a BD-DhAAL
|
| 082 |
|
|
|a 649.1
|2 20
|
| 100 |
|
|
|a Swaminathan, Mina
|9 34271
|
| 245 |
|
|
|a As the salt in the sea :
|b the story of project access /
|c Mina Swaminathan
|
| 260 |
|
|
|a Chenai :
|b M.S. Swaminathan Research Foundation,
|c 2003
|
| 300 |
|
|
|a xiii, 204 pages :
|b illustrations ;
|c 24 cm
|
| 526 |
|
|
|a BIED
|
| 541 |
|
|
|a Complimentary copy from BIED
|e 35279
|
| 650 |
|
|
|a Children
|x Management.
|9 34272
|
| 650 |
|
|
|a Children
|x Care and hygiene.
|9 34273
|
| 852 |
|
|
|a Ayesha Abed Library
|c General Stacks
|
| 942 |
|
|
|2 ddc
|c BK
|
| 952 |
|
|
|0 0
|1 0
|2 ddc
|4 0
|6 649_100000000000000_SWA
|7 0
|9 66200
|a BRACUL
|b BRACUL
|c GEN
|d 2019-09-09
|e Complimentary copy from BIED
|l 0
|o 649.1 SWA
|p 3010035279
|r 2019-09-09
|t 1
|w 2019-09-09
|y BK
|x Transferred from BIED to General Stacks
|